Základy práva /

Main Author: Spirit, Michal, 1943-
Corporate Author: Vysoká škola ekonomická v Praze. Fakulta mezinárodních vztahů
Language: Czech
Published: Praha : Oeconomica, 2002
Edition: Vyd. 1.
Physical Description: 203 s. ; 30 cm
Book
Saved in:
LEADER 01325nam a2200361 a 4500
001 000641276
003 CZ BrMZK
005 20050201153707.0
007 ta
008 021210s2002 xr f p cze d
015 |a cnb001190649 
020 |a 80-245-0344-1 
035 |a (OCoLC)53263055 
040 |a BOA001  |b cze 
072 7 |a 34  |x Právo  |2 Konspekt  |9 16 
072 7 |a 37.016  |x Učební osnovy. Vyučovací předměty. Učebnice  |2 Konspekt  |9 22 
080 |a 34  |2 MRF 
080 |a (075.8)  |2 MRF 
100 1 |a Spirit, Michal,  |d 1943-  |7 xx0007107  |4 aut 
245 1 0 |a Základy práva /  |c Michal Spirit a kol. 
250 |a Vyd. 1. 
260 |a Praha :  |b Oeconomica,  |c 2002 
300 |a 203 s. ;  |c 30 cm 
500 |a Vydavatel: Vysoká škola ekonomická v Praze 
504 |a Obsahuje bibliografii 
521 |a Určeno pro bakalářské studium na VŠE Praha 
650 0 7 |a právo  |7 ph115914  |2 czenas 
655 7 |a učebnice vysokých škol  |7 fd133772  |2 czenas 
710 2 |a Vysoká škola ekonomická v Praze.  |b Fakulta mezinárodních vztahů  |7 kn20010709400 
910 |a BOA001  |b 4-1108.929 
990 |a BK 
996 6 |b 2610179323  |c 4-1108.929  |l MZK  |r Sklad / do 1 hodiny  |n 0  |p p.v.  |w 000641276  |u 000010  |a 1  |e BOA001  |j MZK50  |s P 
996 7 |b 2610181540  |c 4-1108.929  |l MZK  |r Sklad / do 1 hodiny  |n 50  |p kup  |w 000641276  |u 000020  |a 1  |e BOA001  |j MZK50  |s A